| 000 | 01047aam a2200409a 44500 | ||
|---|---|---|---|
| 008 | 930106s1991 cat | ||
| 017 | _aB-2359-1991 | ||
| 020 | _a8473064119 | ||
| 041 | _acat | ||
| 041 | _bspa | ||
| 080 | _a581.6(467) | ||
| 080 | _a633.88(467) | ||
| 100 |
_aRomo, Àngel M. _964450 |
||
| 245 | _aLes plantes medicinals dels Països Catalans | ||
| 245 | _cÀngel M Romo | ||
| 260 | _aBarcelona | ||
| 260 | _bPòrtic | ||
| 260 | _c1991 | ||
| 300 |
_a183 p. _bil. _c20 cm. |
||
| 490 |
_aConèixer la Natura; _v11 |
||
| 500 | _aBibliografia: p.177-178. Glossari: p.171-172. Vocabulari: p.173-176 | ||
| 520 | _a68 | ||
| 546 | _acatalà | ||
| 591 | _a2947 | ||
| 592 | _aObra terminològica | ||
| 593 | _aDF | ||
| 593 | _aFF | ||
| 594 | _a2947 | ||
| 650 |
_abotànica _961048 |
||
| 650 |
_aplantes medicinals _964285 |
||
| 830 |
_aConèixer la Natura; _v11 _964175 |
||
| 901 | _c<1991> | ||
| 902 | _a930106 | ||
| 942 |
_cMO _n0 |
||
| 999 |
_c53778 _d53778 |
||